| 000 | 00858nam a22002777a 4500 | ||
|---|---|---|---|
| 003 | CHAP | ||
| 005 | 20220329134916.0 | ||
| 008 | 971013s r 00010 d | ||
| 010 | _a27886 | ||
| 011 | _a28858 | ||
| 035 | _a32969 | ||
| 040 | _cCHAP | ||
| 090 | _aR-1122 | ||
| 100 | 0 | 0 |
_aMcClintock, Barbara. _973390 |
| 245 | _aIntranuclear systems controlling gene action and mutation | ||
| 500 | _aSobretiro de: Brookhaven Symposia in Biology. Mutation. No. 8:58-74, 1956 | ||
| 590 |
_aBATCH-UPD _b10 _c20130110 _lUCH01 _h0933 |
||
| 590 |
_aBATCH-UPD _b10 _c20130410 _lUCH01 _h0551 |
||
| 590 |
_aBATCH-UPD _b10 _c20130914 _lUCH01 _h1534 |
||
| 590 |
_aCONVERSION _b10 _c20130109 _lUCH01 _h1316 |
||
| 650 | 1 | 4 |
_aGenética. _947469 |
| 650 | 1 | 4 |
_aMutación en plantas. _979907 |
| 901 | _aBK | ||
| 942 | _cREIMP | ||
| 949 |
_aR-1122 _bBC _cR _d-76722 _eTS1 _i32969 _si |
||
| 999 |
_c27886 _d27886 |
||